| 000 | 00000nam##2200000za#4500 |
| 001 | 9.647866 |
| 003 | CaOODSP |
| 005 | 20210615112823 |
| 007 | ta |
| 008 | 150407|2001||||xxc||||| f|0| 0 eng|d |
| 020 | |a0-662-29318-5 |
| 040 | |aCaOODSP|beng |
| 043 | |an-cn--- |
| 086 | 1 |aM92-201/2000E |
| 110 | 1 |aCanada.|bNatural Resources Canada. |bOffice of Energy Efficiency. |
| 245 | 14|aThe federal buildings initiative : |ban executive overview |
| 260 | |aOttawa - Ontario : |bNatural Resources Canada. |c2001. |
| 300 | |a15p. ; |c28 cm. |
| 500 | |a"This overview explain the Federal Building Initiative (FBI). In general terms, its purpose is to give executives the information necessary to understand the Initiative - its environmental benefits, financial advantages, and certain key aspects of its implementation."--Introduction. |
| 520 | 3 |aThis overview explain the Federal Building Initiative (FBI). In general terms, its purpose is to give executives the information necessary to understand the Initiative - its environmental benefits, financial advantages, and certain key aspects of its implementation.--Introduction |
| 563 | |aSoftcover |
| 590 | |a01-29|b2001-07-20 |
| 690 | 07|aEnergy efficiency|2gcpds |
| 690 | 07|aFederal government|2gcpds |
| 690 | 07|aPublic administration|2gcpds |
| 690 | 07|aContracting|2gcpds |
| 775 | 08|tL'Initiative des bâtiments fédéraux : |w(CaOODSP)9.681248 |
| 776 | 0#|tThe Federal Buildings Initiative : |w(CaOODSP)9.695436 |